[Event "RUS-chT 16th"]
[Site "Dagomys"]
[Date "2009.04.07"]
[Round "4"]
[White "Najer, Evgeniy"]
[Black "Tregubov, Pavel V"]
[Result "0-1"]
[WhiteElo "2669"]
[BlackElo "2628"]
[Annotator "Rogozenco,D"]
[PlyCount "92"]
[EventDate "2009.04.04"]
[EventType "team-tourn"]
[EventRounds "7"]
[EventCountry "RUS"]
[SourceTitle "EXT 2020"]
[Source "ChessBase"]
[SourceDate "2019.10.17"]
[SourceVersion "1"]
[SourceVersionDate "2019.10.17"]
[SourceQuality "1"]
[WhiteTeam "Moscow ShSM-64"]
[BlackTeam "Saransk TPS"]
[WhiteTeamCountry "RUS"]
[BlackTeamCountry "RUS"]

1. e4 c5 2. Nf3 Nc6 3. Nc3 Nf6 4. d4 cxd4 5. Nxd4 e5 6. Ndb5 d6 7. Bg5 a6 8.
Na3 b5 9. Bxf6 gxf6 10. Nd5 f5 11. Bd3 Be6 12. c3 Bg7 13. Nxb5 axb5 14. Bxb5
Bd7 15. exf5 Nb8 16. a4 Bxb5 17. axb5 Rxa1 18. Qxa1 Nd7 (18... O-O 19. Qa4 $2
Nd7 20. O-O Nf6 21. Nxf6+ Bxf6 22. Rd1 d5 23. c4 d4 24. Qc2 Qa5 $17 {0-1
Murariu,A (2435)-Rogozenco,D (2517)/Timisoara 2005 (43)}) 19. Qa7 O-O 20. O-O {
More details about this sharp variation can be found in the comments to the
game Almasi-Ni Hua, 2009 (CBM 128).} e4 $1 $146 {[%mdl 8] A strong novelty,
recommended in the annotations to the above-mentioned game.} (20... Nf6 21.
Ne7+ Kh8 22. b6 d5 23. b7 $1 (23. Qc7 $2 d4 24. cxd4 $2 exd4 25. Qxd8 Rxd8 26.
Nc6 Rd6 27. b7 Nd7 28. b8=Q+ Nxb8 29. Nxb8 d3 $17 {0-1 Crouan,S (2207)-Bedouin,
X (2342)/Sautron 2007 (91)}) 23... Qc7 (23... d4 24. Nc6 $18) 24. Ra1 $1 (24.
Nc6 Qxc6 25. b8=Q Rxb8 26. Qxb8+ Qe8 (26... Ng8 27. Ra1 Qh6 28. g3 Bf6 (28...
Qd2 29. h3 $18) 29. Ra8 Qg7 30. Qb7 d4 31. c4 d3 32. c5 d2 33. Qd7 $18) 27.
Qxe8+ Nxe8 $16) 24... h5 (24... d4 25. Nc6 $18) 25. Ra6 e4 26. g3 $18) 21. Re1
({In CBM 128 the conclusion of the variation starting with} 21. b6 Be5 22. Ra1
Nf6 {was that in spite of White's initiative on the queenside it is difficult
for him to make progress.}) 21... Be5 $1 22. b6 ({Another principled move is} 
22. Rxe4 {Then after} Nf6 23. Nxf6+ (23. Ne7+ Kg7 24. Rc4 Qe8 25. Rc6 (25. b6
Qb5 $132) 25... Nd7 26. Nd5 $140 Bxc3 $1) 23... Qxf6 24. Qe3 Qxf5 25. b6 Rb8
26. g3 $13 {it seems to me that it is rather White who must play carefully to
hold the balance.}) 22... Nf6 23. Ne7+ (23. Nxf6+ Qxf6 24. Rxe4 Qxf5 $15) 23...
Kg7 24. Qc7 $6 ({After the correct} 24. Nc6 Qe8 (24... Qc8 $5 25. Nxe5 dxe5 $13
) 25. Qc7 Nd5 26. Qb7 {the position is probably about equal.} Nf6 {[%cal Gd6d5]
} 27. Qc7 Nd5 $11) 24... Qd7 $1 $15 25. Qxd7 (25. g4 $2 Qb5 $1 26. g5 (26. b7
Qxb2 $19) (26. b4 Qd3 27. b7 Qh3 $19) 26... Ng4 27. f6+ Kh8 $19) 25... Nxd7 26.
Nd5 Nf6 (26... Rb8 27. Rxe4 Nxb6 28. Nb4 (28. Rb4 $2 Ra8 $1) 28... Na4 29. f4
Nc5 (29... Bf6 30. Na6 Nc5 31. Nxb8 Nxe4 32. g4 $5 $15) 30. Rc4 Bf6 $15) 27.
Nxf6 Kxf6 28. g4 $2 ({Necessary was} 28. Rxe4 Kxf5 29. Rb4 {and White retains
better chances to escape than in the game:} d5 30. Kf1 Rb8 31. Ke2 Ke6 32. Kd3
Kd7 (32... f6 33. g3) 33. Rh4 Rxb6 34. Rxh7 Ke6 (34... Rxb2 $2 35. Rxf7+ Ke6
36. Rf3 $11) 35. Kc2 $15) 28... d5 $17 {/-+. Now in order to win black central
pawns White must give up his own queenside pawns.} 29. c4 (29. Ra1 Rb8 30. Ra6
Kg5 31. h3 Kf4 32. Kg2 d4 $19) 29... dxc4 30. Rxe4 Rb8 31. Rxc4 Rxb6 32. b4 Bd6
33. Kg2 Ke5 34. h3 h5 $5 35. f3 (35. gxh5 Rxb4 36. Rxb4 Bxb4 37. h6 Kxf5 38. h7
Bc3 $19) 35... Kd5 36. Re4 Bxb4 37. g5 (37. gxh5 Bd6 38. h6 Rb2+ 39. Kf1 Rb8 (
39... Rh2 $2 40. h4) 40. h7 Rh8 41. Rh4 Ke5 42. Rh5 Be7 (42... Kf6 43. Rh6+)
43. Kf2 Kf6 $19) 37... Bd6 38. Re2 h4 39. Re4 Bg3 40. Re7 Bf4 41. Rxf7 Bxg5 $19
{Without rooks the position would have been a draw. The presence of the rooks
changes the evaluation.} 42. f4 (42. Rg7 Rb2+ 43. Kf1 Bf6 44. Rg2 Rb1+ $19)
42... Bxf4 43. Kf3 Bg5 44. Kg4 Bf6 45. Kh5 Ke5 46. Kg6 Rd6 0-1

[Event "Bundesliga 0405"]
[Site "Germany"]
[Date "2005.02.12"]
[Round "10.4"]
[White "Brueggemann, Joachim"]
[Black "Chuchelov, Vladimir"]
[Result "0-1"]
[WhiteElo "2404"]
[BlackElo "2571"]
[Annotator "Rogozenco,D"]
[PlyCount "135"]
[EventDate "2004.11.12"]
[EventType "team-tourn"]
[EventRounds "15"]
[EventCountry "GER"]
[SourceTitle "CBM 106"]
[Source "ChessBase"]
[SourceDate "2005.06.06"]
[SourceVersion "1"]
[SourceVersionDate "2005.06.06"]
[SourceQuality "1"]
[WhiteTeam "Erfurt"]
[BlackTeam "Katernberg"]
[WhiteTeamCountry "GER"]
[BlackTeamCountry "GER"]

1. e4 c5 2. Nf3 Nc6 3. d4 cxd4 4. Nxd4 Nf6 5. Nc3 e5 6. Ndb5 d6 7. Bg5 a6 8.
Na3 b5 9. Bxf6 gxf6 10. Nd5 f5 11. Bd3 Be6 12. O-O Bxd5 13. exd5 Ne7 14. c3 Bg7
15. Qh5 e4 16. Bc2 Qc8 17. Rae1 O-O 18. Bb3 {One of the lines which ran out of
fashion in years 2003-2004. In such positions besides good theoretical
knowledge, also good strategical understanding is required.} Re8 (18... Ng6 19.
Nc2 Re8 20. f4 exf3 21. Rxe8+ Qxe8 22. Qxf3 f4 23. Re1 Qd7 24. Nb4 $1 {[%csl
Ra6]} a5 25. Nc6 $14 {[%csl Ra5,Rb5] Ponomariov-Anand, Mainz (rapid) 2002}) 19.
Nc2 a5 20. a3 Ng6 21. f4 exf3 22. Qxf3 f4 23. Re4 $6 {This attempt to fight
for the e-file only helps Black, who has a more stable square (e5) for his
rook.} (23. Rxe8+ $142 Qxe8 24. Re1 Qd7 $14 {/=}) 23... Qc5+ 24. Kh1 Re5 $1 25.
Ne1 (25. Rfe1 Rae8 26. Rxe5 (26. Nd4 $2 Rxe4 27. Rxe4 Rxe4 28. Qxe4 Bxd4 29.
Qxd4 Qxd4 30. cxd4 Ne7 $17) 26... Rxe5 27. Rxe5 dxe5 $5 $132 {[%cal Gg6e7,
Ge7c8,Gc8d6]}) 25... Rxe4 26. Qxe4 Qe3 $1 27. Bc2 (27. Qxe3 fxe3 $15) 27... b4
$5 {An interesting idea for counterplay, which after White's precise defense
leads to a draw.} (27... Re8 {is good enough. White must take on e3, since
after any retreat of the queen Black takes on e1.}) 28. axb4 axb4 29. Qxb4 Ra1
30. Qe4 Ne5 31. Qxh7+ Kf8 32. Qh4 (32. Qe4 Ng4 33. Qxe3 fxe3 34. g3 e2 35. Rg1
Bh6 $17 {[%cal Gh6e3]}) (32. Bb1 $6 Qc1 $1 (32... Qe2 33. Rg1 (33. Kg1 Ng6 (
33... Qxb2 $17) 34. Nd3 Rxb1 35. Rxb1 Qxd3 $17) 33... Qxb2 (33... Ng6 $2 34.
Nf3 $1) 34. Nf3 Ng4 $44) 33. Qh4 $8 Ke8 34. Bf5 Qxb2 $36 35. Qxf4 $140 $2 Qe2
$19) 32... Bf6 {Black had to see this resource before playing 27...b4, since
White's moves were more or less forced.} 33. Qxf6 Qxe1 (33... Rxe1 $4 34. Qh8+
Ke7 35. Qh4+ $18 {[%cal Gh4e1,Gh4e7]}) 34. Qxd6+ Kg8 35. Qb8+ Kg7 36. Qxe5+ $8
Qxe5 37. Rxa1 Qe2 38. Kg1 $2 (38. Bf5 $2 f3 $1 $19) (38. Ba4 $1 {The only move,
which enables White to hold the position.} f3 (38... Qxb2 39. Rf1) 39. gxf3
Qxf3+ 40. Kg1 $11) 38... Qxc2 39. Rf1 Qd2 40. h3 {In spite of the fact that
White's position looks solid, it is probably lost rather easy. Queenside pawns
don't play any importance.} Kf8 41. Rf3 Ke7 42. b4 Kd6 43. Kh2 Ke5 44. h4 {
Sooner or later White will have to give up his pawns because of the numerous
zugzwang positions.} (44. Kg1 Ke4 45. Kh2 Qxd5 46. Kg1 Qd1+ 47. Kh2 Qe1 {
and he must advance one of the pawns anyway.}) 44... Kf5 45. h5 Kg5 46. Rh3 Kh6
47. Kg1 Qxd5 48. Kh2 Qd6 49. Kg1 Qd1+ 50. Kf2 Qc1 51. Rf3 Kxh5 52. Rh3+ Kg6 53.
Rf3 Kg5 54. Rh3 Kf5 55. Rf3 Ke4 56. Rh3 Kd5 57. Rf3 (57. c4+ {does not save
either. For instance:} Qxc4 58. Rf3 Qxb4 59. Rh3 Ke4 60. Rf3 Qd2+ 61. Kf1 Qd1+
62. Kf2 Qxf3+ 63. gxf3+ Kd3 $19) 57... Kc4 58. Rh3 Kb3 {Without queenside
pawns Black wins by entering a pawn endgame (see the previous comment). But
the presence of the pawns allow Black to enter with the king.} 59. b5 Kc2 (
59... Kc4 {wins too. Black takes the b-pawn and then returns to the plan of
entering with the king via b3.}) 60. b6 Kd2 61. b7 Qe1+ 62. Kf3 Qf1+ 63. Ke4
Qxg2+ 64. Rf3 Ke2 (64... Qg6+ 65. Kxf4 Qb6 $19) 65. b8=Q Qxf3+ 66. Kf5 Qh3+ 67.
Ke4 Qe3+ 68. Kf5 (68. Kf5 f3 $19) 0-1

[Event "Corus"]
[Site "Wijk aan Zee"]
[Date "2004.01.23"]
[Round "11"]
[White "Svidler, Peter"]
[Black "Van Wely, Loek"]
[Result "1/2-1/2"]
[WhiteElo "2747"]
[BlackElo "2617"]
[Annotator "Rogozenco,D"]
[PlyCount "92"]
[EventDate "2004.01.10"]
[EventType "tourn"]
[EventRounds "13"]
[EventCountry "NED"]
[EventCategory "19"]
[SourceTitle "CBM 099"]
[Source "ChessBase"]
[SourceDate "2004.03.30"]
[SourceVersion "1"]
[SourceVersionDate "2004.03.30"]
[SourceQuality "1"]

1. e4 c5 2. Nf3 Nc6 3. Nc3 Nf6 4. d4 cxd4 5. Nxd4 e5 6. Ndb5 d6 7. Bg5 a6 8.
Na3 b5 9. Bxf6 gxf6 10. Nd5 f5 11. Bd3 Be6 12. c3 Bg7 13. Qh5 O-O 14. O-O f4
15. Rad1 (15. Rfd1 {[%cal Ga3c2,Ga2a4] is a different story.}) 15... Kh8 (15...
f5 16. exf5 Bxd5 17. f6 {is known to be unpleasant for Black.}) 16. g3 Rg8 17.
Kh1 Bf8 18. Be2 Rg5 19. Qf3 f5 {This position was played three times by Anand
in 2001. These days following the Indian GM seems to be the easiest and at the
same time a very optimal approach of working on one's opening repertoire.} 20.
exf5 $146 (20. gxf4 {In all games Anand took on f4 with a complicated position,
which would most likely end up into a difficult to asses endgame. Here is the
latest game from that series of Anand:} exf4 21. Nxf4 Bxa2 22. c4 fxe4 23. Qxe4
Qe8 24. Bf3 Qxe4 25. Bxe4 Rc8 26. Ne6 Re5 27. Bxc6 Rxc6 28. Nxf8 b4 29. Nc2
Bxc4 30. Nd4 Rc8 31. Nd7 Bxf1 32. Rxf1 Re4 $11 {Of course evaluating this
endgame as equal sounds strange and rather wrong. Still, it means first of all
that both sides have equal chances in this highly complicated and unclear
endgame. There have been plenty of mistakes later in the game, but in the end
White won, Anand,V-Hernandez,G/Merida 2001 (53)}) 20... Bxf5 (20... Rxf5 21.
Qe4 $14 (21. Nxf4 Qd7 $1)) 21. Nxf4 exf4 22. Qxc6 Rc8 23. Qf3 (23. Qg2 $6 {
[%csl Rg2] The fianchettoed queen doesn't impress much.}) 23... fxg3 24. fxg3
d5 $1 {[%cal Gf8a3,Gf5e4]} 25. Qg2 (25. Rxd5 Be4 $1) 25... Bxa3 26. bxa3 (26.
Rxd5 Bd7 27. Rxg5 Qxg5 28. bxa3 Rxc3 29. Bf3 {is a similar situation - White
is better but Black's chances to draw are much higher.} Kg7 $5) 26... Qe7 {
Black neutralized quite easy opponent's opening preparation. Although White
still formally tries to win, Black should be able to draw without problems -
too many weak pawns in White's camp.} 27. Bf3 (27. Rxd5 $2 Be4) 27... Be4 28.
Qd2 Qg7 29. Bxe4 dxe4 30. Qe3 Re5 31. Kg1 $14 Rf8 32. Rxf8+ Qxf8 33. Qd4 (33.
Rd7 $5) 33... Qe7 34. Kf2 (34. Rf1 Kg8 {[%cal Ge4e3]} (34... Kg7 $4 35. Rf5))
34... Qf6+ 35. Ke2 Qf3+ 36. Kd2 e3+ 37. Kc1 Qf6 38. Qd8+ Qxd8 39. Rxd8+ Kg7 40.
Kd1 Rf5 41. Ra8 Rf2 42. h4 Rd2+ 43. Ke1 Rxa2 44. Rxa6 Rc2 45. Rc6 h5 (45... Ra2
46. h5 h6 47. Rg6+ Kh7 48. Ra6 Rc2 49. Ra7+ Kg8 50. Rc7 Ra2 $11) 46. Rc5 Kg6 (
46... Kg6 47. Rg5+ Kh6 48. Rxb5 Rxc3 49. Rb6+ Kg7 50. a4 Ra3 51. Ra6 Ra2 $11)
1/2-1/2

[Event "Bundesliga 0405"]
[Site "Germany"]
[Date "2004.12.12"]
[Round "6.2"]
[White "Almasi, Zoltan"]
[Black "Shirov, Alexei"]
[Result "1/2-1/2"]
[WhiteElo "2650"]
[BlackElo "2726"]
[Annotator "Rogozenco,D"]
[PlyCount "49"]
[EventDate "2004.11.12"]
[EventType "team-tourn"]
[EventRounds "15"]
[EventCountry "GER"]
[SourceTitle "CBM 105"]
[Source "ChessBase"]
[SourceDate "2005.04.11"]
[SourceVersion "1"]
[SourceVersionDate "2005.04.11"]
[SourceQuality "1"]
[WhiteTeam "Kreuzberg"]
[BlackTeam "Baden Oos"]
[WhiteTeamCountry "GER"]
[BlackTeamCountry "GER"]

1. e4 c5 2. Nf3 Nc6 3. d4 cxd4 4. Nxd4 Nf6 5. Nc3 e5 6. Ndb5 d6 7. Bg5 a6 8.
Na3 b5 9. Bxf6 gxf6 10. Nd5 f5 11. Bd3 Be6 12. c3 Bg7 13. Nxb5 axb5 14. Bxb5
Bd7 15. exf5 O-O (15... Nb8 $5 16. Qg4 Kf8 $1 {1-0 Messa,R-Pangrazzi,M/Rome
1982 (34)}) 16. O-O Kh8 (16... e4 17. Re1 (17. a4 $5) 17... Re8 (17... Ne5 $5)
18. a4 Rc8 19. a5 Bxf5 20. Qa4 $1 $36 {1-0 Kuzmin,G-Malakhatko,V/Alushta 1999 
(34)}) (16... Re8 17. Qf3 (17. Qg4 $5) 17... e4 18. Qg3 Kh8 19. Qxd6 Be5 {
was good for Black in Karjakin-McShane, Pamplona 2003}) (16... Rb8 17. a4 Re8)
17. a4 f6 $5 $146 {The radical way to prevent White's advance f5-f6.} (17...
Rb8 18. Qf3 (18. b4 f6 19. Qd3 {is the same as 17...f6}) 18... f6 (18... Rg8
19. Rfd1 Bf8 20. Qe4 Qg5 21. Ne3 Rb6 22. b4 $16 {1-0 Lupulescu,C-Milanovic,D/
Korinthos 2004 (29)}) 19. b4 Ne7 20. Bxd7 Qxd7 21. Nxe7 Qxe7 22. Qd5 Rfc8 23.
Ra3 Qd7 $13 {0-1 Nataf,I-Cherniaev,A/Moscow 2004 (58)}) 18. b4 Rb8 (18... Ne7
$2 19. Bxd7 Qxd7 20. Nb6 $16) 19. Qd3 (19. Qf3 {transposes to the game
Nataf-Cherniaev, see 17...Rb8.}) 19... Re8 ({A good alternative is} 19... Ne7 {
For instance:} 20. Bxd7 Qxd7 21. Nxe7 Qxe7 22. Rfd1 Rfc8 (22... Rfd8 23. Qd5
$14) 23. Qxd6 Qxd6 24. Rxd6 Rxc3 25. b5 Rb3 $11) 20. Rfd1 $1 (20. Qe4 Ne7 $11)
20... e4 21. Qe2 Qc8 (21... Ne7 $5 22. Bxd7 Qxd7 23. Qxe4 Qc6 $1 $13) 22. Ba6
Qd8 23. Bb5 Qc8 24. Ba6 ({Critical is} 24. a5 $5 {[%cal Gd5b6]}) 24... Qd8 25.
Bb5 1/2-1/2

[Event "EU-Cup 20th"]
[Site "Izmir"]
[Date "2004.10.09"]
[Round "7.5"]
[White "Motylev, Alexander"]
[Black "Greenfeld, Alon"]
[Result "1-0"]
[WhiteElo "2651"]
[BlackElo "2547"]
[Annotator "Rogozenco,D"]
[PlyCount "45"]
[EventDate "2004.10.03"]
[EventType "team-swiss"]
[EventRounds "7"]
[EventCountry "TUR"]
[SourceTitle "CBM 104"]
[Source "ChessBase"]
[SourceDate "2005.01.27"]
[SourceVersion "1"]
[SourceVersionDate "2005.01.27"]
[SourceQuality "1"]
[WhiteTeam "Ekaterinburg Max Ven"]
[BlackTeam "Beer Sheva"]
[WhiteTeamCountry "RUS"]
[BlackTeamCountry "ISR"]

1. e4 c5 2. Nf3 Nc6 3. d4 cxd4 4. Nxd4 Nf6 5. Nc3 e5 6. Ndb5 d6 7. Bg5 a6 8.
Na3 b5 9. Nd5 Be7 10. Nxe7 Nxe7 11. Bxf6 gxf6 12. c4 {Anand is a perfect guide
for the younger generation. After his win against Van Wely earlier this year,
Motylev, Volokitin and Socko included this line in their repertoire. In my
opinion it represents just a temporary fashion, since Black's position has a
great potential first of all because in this line White is usually losing his
control in the center.} Bb7 (12... f5) (12... O-O) 13. Bd3 (13. cxb5 Bxe4 14.
bxa6 O-O $44) 13... f5 (13... bxc4 14. Nxc4 d5 15. exd5 Qxd5 16. Qa4+ Kf8 17.
O-O-O $13 {Anand-Van Wely, Monaco rapid 2004}) (13... Rg8 $5 {V. Chekhov's
move is rather typical for Sveshnikov Sicilian, where Black is trying to make
full use of the g-file.} 14. Rg1 (14. O-O bxc4 15. Nxc4 d5 16. exd5 Qxd5 17. f3
Rd8 18. Rf2 e4 $1 $17 {0-1 Kupreichik,V-Chekhov,V/Minsk 1976 (37)}) (14. cxb5
Rxg2 15. bxa6 Bxa6 16. Kf1 (16. Bxa6 Rxa6 17. Qd3 Rc6 $13 {1-0 Kharlov,
A-Khairullin,I/Tomsk 2004 (43)}) 16... Rg6 17. Qa4+ Qd7 18. Qxd7+ Kxd7 {
1/2-1/2 Kozirev,A-Zezulkin,J/Podolsk 1990}) 14... bxc4 15. Nxc4 d5 16. exd5
Qxd5 17. Qa4+ Kf8 {was good for Black in Motylev,A-Shirov,A/Bastia 2004. The
inclusion of moves Rg8 and Rg1 favours Black.}) 14. exf5 Rg8 (14... e4 $6 15.
Bxe4 (15. Be2) (15. Bc2) 15... Bxe4 16. Qd4 Qa5+ 17. Ke2 Bxg2 18. Qxh8+ Kd7 19.
Qf6 Bxh1 20. Rxh1 Qb4 21. Rb1 $16) 15. Rg1 (15. cxb5 Rxg2 16. bxa6 Qb6 $1 17.
Qd2 Bxa6 18. Nc4 Bxc4 19. Bxc4 Rg4 $17 {0-1 Volokitin,A-Shomoev,A/Sochi 2004 
(50)}) 15... e4 16. Bc2 (16. Be2 $2 Nxf5 17. cxb5 $2 e3 $17 18. fxe3 Qh4+ 19.
Kd2 Qb4+ $19) 16... b4 (16... Nxf5 17. Qd2 $1 (17. cxb5 Qh4 $5 $36 {[%cal
Ge4e3]} ({or} 17... Qa5+ 18. Qd2 axb5)) 17... bxc4 (17... Nh4 18. O-O-O $14)
18. Nxc4 Rc8 $13 (18... d5 19. Ne3 Ne7 20. O-O-O $13)) 17. Ba4+ Kf8 18. Nc2 Qa5
{'?'} (18... a5 19. Qh5 $1 $16 {[%cal Gf5f6,Gh5h6]}) (18... Nxf5 19. Qd2 (19.
Nxb4 $2 Qh4 $36) 19... a5 20. O-O-O $14 {/+/-} (20. Nd4 $14)) 19. Qxd6 Qxa4 {
'?'} (19... b3+ $8 20. Qb4 (20. Nb4 Rd8 21. Qh6+ Rg7 22. f6 Qxb4+ 23. Kf1 Qxc4+
24. Ke1 Qb4+ 25. Kf1 $11) 20... Qxb4+ 21. Nxb4 $16) (19... Rd8 20. Qh6+ Rg7 21.
f6 $18) 20. f6 {'+-'} Re8 21. fxe7+ Rxe7 22. O-O-O e3 23. Nxe3 1-0

[Event "Corus-B"]
[Site "Wijk aan Zee"]
[Date "2004.01.19"]
[Round "8"]
[White "Dominguez Perez, Leinier"]
[Black "Van der Wiel, John"]
[Result "1-0"]
[WhiteElo "2605"]
[BlackElo "2542"]
[Annotator "Rogozenco,D"]
[PlyCount "78"]
[EventDate "2004.01.10"]
[EventType "tourn"]
[EventRounds "13"]
[EventCountry "NED"]
[EventCategory "13"]
[SourceTitle "CBM 099"]
[Source "ChessBase"]
[SourceDate "2004.03.30"]
[SourceVersion "1"]
[SourceVersionDate "2004.03.30"]
[SourceQuality "1"]

1. e4 c5 2. Nf3 Nc6 3. d4 cxd4 4. Nxd4 e5 5. Nb5 d6 6. N1c3 a6 7. Na3 b5 8. Nd5
Nf6 9. Bg5 Be7 10. Bxf6 Bxf6 11. c3 Bg5 12. Nc2 O-O 13. a4 bxa4 14. Rxa4 a5 15.
Bb5 Ne7 16. Nxe7+ Qxe7 17. Nb4 Bg4 ({A reasonable alternative is} 17... Bh3)
18. Qa1 ({The endgame after} 18. Nd5 Bxd1 19. Nxe7+ Bxe7 20. Kxd1 Rab8 21. c4
Bd8 {is equal, Van den Doel,E-Nedev,T/Plovdiv 2003.}) 18... Qb7 $5 $146 {
Van der Wiel is trying to use the fact that White didn't castle yet. The idea
is correct, but he fails to find the right continuation later.} (18... Qc7 19.
Nd5 (19. O-O $5 Be6 $1 20. Bd3 $13) 19... Qb7 20. Bc4 $1 (20. c4 {is not a
problem for Black:} Be6 21. Qa3 Bxd5 22. exd5 Qc7 23. h4 Bd8 24. Qe3 Qb6 25.
Qd2 f5 $11 {1/2-1/2 Makarczuk,J-Fischer,R/IECC email 2000 (31)}) 20... Bd7 (
20... Rfb8 21. b3 Bd7 22. Ra3 $14 {/~~}) 21. Ra2 Rfc8 22. b3 a4 $132) (18...
Rfc8 $5 19. Nd5 Qb7 20. c4 Be6 21. Qa3 Bxd5 22. exd5 Qc7 23. h4 (23. O-O Bd2)
23... Bd8 $13) 19. Bc6 Qb6 20. Bxa8 Bd2+ $2 {This was the idea of 18...Qb7.
Unfortunately for Black, White has a simple refutation.} (20... Qb5 $1 $11) 21.
Kf1 $1 (21. Kxd2 $2 Qxf2+ 22. Kc1 axb4 $44 {[%csl Rc1,Rh1][%cal Gf2g2] Here
Black has compensation thanks to lack of coordonation between white pieces.})
21... Qb5+ (21... Rxa8 22. Nd5 Qb5+ 23. Kg1 {- 21...Qb5+.}) 22. Kg1 Rxa8 23.
Nd5 $16 {[%cal Gd5c7] Black is not able to create anything, since White
quickly hides the king on h2. Moreover, for the moment Black must defend
against 24.Nc7.} Bd7 24. Ra2 Qb3 25. h3 a4 (25... Be6 26. Rxa5) 26. Kh2 Rb8 27.
Rd1 Bg5 28. Kg1 h5 29. Nb4 $18 {The game is practically over.} Rb6 30. Qb1 Bb5
31. Ra3 Qc4 32. Nd5 Rc6 33. b3 axb3 34. Rxb3 Ba6 35. Rb8+ Kh7 36. Nb4 Rc8 37.
Nxa6 Qxa6 38. Rxc8 Qxc8 39. Qd3 Be7 1-0